[Event "POL-ch U18"]
[Site "Chotowa"]
[Date "2009.03.31"]
[Round "5"]
[White "Bugajski, Mateusz"]
[Black "Goluch, Piotr"]
[Result "0-1"]
[WhiteElo "1601"]
[BlackElo "2026"]
[PlyCount "92"]
[EventDate "2009.03.28"]
[EventType "swiss"]
[EventRounds "11"]
[EventCountry "POL"]
[SourceTitle "EXT 2011"]
[Source "ChessBase"]
[SourceDate "2010.11.26"]
[SourceVersion "1"]
[SourceVersionDate "2010.11.26"]
[SourceQuality "1"]

1. e4 c5 2. Nf3 d6 3. d4 cxd4 4. Nxd4 Nf6 5. Nc3 a6 6. a4 e5 7. Nb3 Be6 8. Be2 b6 9. 0-0 Nbd7 10. f4 exf4 11. Bxf4 Ne5 12. Nd4 Be7 13. Nxe6 fxe6 14. Bxe5 dxe5 15. Qxd8+ Kxd8 16. Rad1+ Kc7 17. Bc4 Bc5+ 18. Kh1 Rhe8 19. h3 Bd4 20. Na2 Bxb2 21. g4 Re7 22. Bd3 Nd7 23. Rb1 Bd4 24. c3 Be3 25. Rfe1 Bf4 26. Nb4 Nc5 27. Bc4 Bd2 28. Re2 Bxc3 29. Na2 Bd4 30. Rc2 Kb7 31. a5 b5 32. Bxb5 axb5 33. Rxb5+ Kc6 34. Rb6+ Kd7 35. Rb5 Nxe4 36. Nb4 Nd6 37. Rb6 Bxb6 38. axb6 Ke8 39. Rc6 Rd7 40. Nd3 Ra5 41. Nc5 Rxc5 42. Rxc5 e4 43. Ra5 Rb7 44. Re5 Kd7 45. Rh5 h6 46. g5 Nf5 0-1

[Event "POL-ch U18"]
[Site "Chotowa"]
[Date "2009.03.30"]
[Round "3"]
[White "Bugajski, Mateusz"]
[Black "Bebel, Arkadiusz"]
[Result "0-1"]
[WhiteElo "1601"]
[BlackElo "2249"]
[PlyCount "60"]
[EventDate "2009.03.28"]
[EventType "swiss"]
[EventRounds "11"]
[EventCountry "POL"]
[SourceTitle "EXT 2011"]
[Source "ChessBase"]
[SourceDate "2010.11.26"]
[SourceVersion "1"]
[SourceVersionDate "2010.11.26"]
[SourceQuality "1"]

1. d4 Nf6 2. Nf3 c5 3. d5 d6 4. c4 e6 5. g3 exd5 6. cxd5 g6 7. Bg2 Bg7 8. 0-0 0-0 9. Nc3 Na6 10. e4 Bg4 11. h3 Bxf3 12. Bxf3 Re8 13. Bg2 Rb8 14. Qa4 Nc7 15. Qxa7 b5 16. f3 b4 17. Nd1 Nb5 18. Qa6 Re7 19. Qa4 Ra7 20. Qc2 Nd4 21. Qd3 Nd7 22. f4 c4 23. Qxc4 Rc8 24. Qd3 Nc5 25. Qd2 Ncb3 26. axb3 Rxa1 27. Nf2 Rcxc1 28. Rxc1 Rxc1+ 29. Kh2 Rc2 30. Qe1 Qb6 0-1